Geography Quiz

Random Geography or Flags Quiz
Score 0/49 Timer 15:00
11 Plays Today
% Correct
India
99.1%
South Korea
96.4%
Turkey
95.6%
Russia
94.7%
China
90.5%
Israel
85.4%
Sri Lanka
84.7%
Vietnam
83.8%
Afghanistan
82.6%
Iraq
82.1%
Laos
81.9%
Thailand
79.7%
Saudi Arabia
79.6%
Japan
79%
North Korea
78.7%
Iran
78.7%
Philippines
78.5%
Indonesia
78.5%
Kazakhstan
78.2%
Lebanon
78%
Jordan
76.5%
Cambodia
76.4%
Syria
76.3%
Pakistan
75.8%
Mongolia
75.5%
% Correct
Georgia
75%
Qatar
75%
Malaysia
73.8%
Bangladesh
73.5%
Turkmenistan
72.9%
Bhutan
72%
Yemen
71.9%
Uzbekistan
71.4%
Singapore
71.2%
Myanmar
70%
Taiwan
69.1%
United Arab Emirates
68.7%
Kyrgyzstan
68.4%
Oman
68.3%
Kuwait
66.8%
Brunei
66.2%
Maldives
66%
Armenia
65.7%
Azerbaijan
65.7%
Bahrain
65.1%
Tajikistan
63.5%
Nepal
63.2%
Timor-Leste
61.8%
Palestine
60.3%

You're not logged in!

Compare scores with friends on all Sporcle quizzes.
OR
Log In

Sporcle TV

Today on Sporcle TV


Watch our educational content, quiz creation guides, and fun videos on Sporcle TV.

Show Comments

Extras

Top Quizzes Today


Score Distribution

Paid Content

Your Account Isn't Verified!

In order to create a playlist on Sporcle, you need to verify the email address you used during registration. Go to your Sporcle Settings to finish the process.

Report this User

Report this user for behavior that violates our Community Guidelines.

Details: